00833 a2200193 450000500170000002000180001708200150003510000170005024500360006725000120010326000440011530000370015970000190019694200130021599900150022895201320024395201320037595201320050720250630061209.0 a0-87840-768-5 a361.61 GUE aGUESS, G. M. aCases in Public Policy Analysis a2nd Ed. aNew York,bGeorgetown Universityc2000. aix, 367p,: figurebIndexc23.5cm aFARNHAM, P. G. 2ddccBKS c6446d6446 r2025-06-30 06:14:14l0o361.61 GUEpDOM0003345v90000.00w2025-06-29yBKS102ddc407000a004b004cGENd2002-06-29g30000.00 r2025-06-30 06:14:14l0o361.61 GUEpDOM0003346v90000.00w2025-06-29yBKS102ddc407000a004b004cGENd2002-06-29g30000.00 r2025-06-30 06:14:14l0o361.61 GUEpDOM0003347v90000.00w2025-06-29yBKS102ddc407000a004b004cGENd2002-06-29g30000.00